LDR 00819naa#a2200181#i#450# 001 EN\\bibl\121422 005 20260515190905.5 011 ## _a1994-4683 100 ## _a20230531b2023####ek#y0engy0150####ca 102 ## _aRU 200 1# _aEXPERIMENTAL SUBSTANTIATION OF THE METHOD FOR INCREASING THE LEVEL OF SPECIAL PHYSICAL FITNESS OF CADETS FOR SUCCESSFUL IMPLEMENTATION OF MOTOR TASKS IN PROBABILISTIC CONDITIONS OF SERVICE ACTIVITY _eJournal article 210 1# _aMoscow _cNational State University of Physical Education, Sports and Health named after P.F. Lesgaft _d2023 215 ## _a5 с. 608 ## _aJournal article _2local 675 ## _aСпортивная тренировка. Методика. Нагрузка. Спортивные результаты. 796.015 _z 700 #1 _a _g 700 #1 _a _g 856 4# _auchzapiski.lesgaft.spb.ru _u